000 00586nam a2200205 u 4500
005 20220603063715.0
008 090206s2005 r 000 0 eng d
020 _a9788496336476 (13 digitos)
020 _a8496336476 (10 digitos)
035 _aUPN01000168939
049 _aI
050 4 _aPZ75
_bS2.6
100 1 _aSantos, Care
245 1 0 _aQuiero ser mayor /
_cCare Santos ; il. Riki Blanco.
260 _aBarcelona, Esp. :
_bPlaneta y Oxford,
_c2005.
300 _a59 p. :
_bil. col.
440 0 _aCamaleón ;
_v10
650 4 _aCuentos infantiles
_96744
905 _aInfantil
999 _c141045
_d141045